| 000 -ლიდერი |
| ფიქსირებული სიგრძის საკონტროლო ველი |
00871nam a2200205Ia 4500 |
| 001 - საკონტროლო ნომერი |
| საკონტროლო ველი |
3798 |
| 003 - საკონტროლო ნომრის იდენტიფიკატორი |
| საკონტროლო ველი |
GE_BSU |
| 005 - ბოლო ოპერაციის თარიღი და დრო |
| საკონტროლო ველი |
20190809171557.0 |
| 008 - ფიქსირებული სიგრძის მონაცემთა ელემენტები - ზოგადი ინფორმაცია |
| ფიქსირებული სიგრძის საკონტროლო ველი |
181216s1972||||ge |||||||||||||| ||geo|| |
| 040 ## - კატალოგიზაციის წყარო |
| Transcribing agency |
GE_BSU |
| 041 ## - ენის კოდი |
| Language code of text/sound track or separate title |
geo |
| 080 ## - უნივერსალური ათობითი კლასიფიკაციის ინდექსი |
| Universal Decimal Classification number |
008(479.22) ბ–13 |
| 100 ## - მთავარი ჩანაწერი - პიროვნების სახელი |
| Personal name |
ბაბუნაშვილი, ზ. |
| 9 (RLIN) |
3498 |
| 245 ## - ცნობა სათაურის შესახებ |
| Title |
ქართული საბჭოთა კულტურა ნახევარი საუკუნის მანძილზე / |
| Statement of responsibility, etc |
რედ. ო. გრატიაშვილი. |
| 264 ## - წარმოების, გამოცემის, დისტრიბუციის და სხვა ცნობები |
| გამოცემის, წარმოების, დისტრიბუციის... ადგილი |
თბილისი : |
| გამოცემის, წარმოების, დისტრიბუციის... სახელწოდება |
საბჭოთა საქართველო, |
| გამოცემის, წარმოების, დისტრიბუციის... თარიღი |
1972. |
| 300 ## - ფიზიკური აღწერა |
| Extent |
233 გვ. ; |
| Other physical details |
21 სმ. |
| 653 ## - INDEX TERM--UNCONTROLLED |
| Uncontrolled term |
ქართული კულტურის ისტორია |
| 700 ## - ADDED ENTRY--PERSONAL NAME |
| Personal name |
გრატიაშვილი, ო. |
| Relator term |
რედაქტორი |
| 9 (RLIN) |
3499 |
| 942 ## - ADDED ENTRY ELEMENTS (KOHA) |
| Koha item type |
წიგნი |
| Source of classification or shelving scheme |
|